|
|
|
|
| LEADER |
00839cam a2200265 7i4500 |
| 001 |
0000032221 |
| 005 |
20160714090000.0 |
| 007 |
##ta |
| 008 |
160714t20142014maua e 000 0 eng d |
| 020 |
# |
# |
|a 9781625271747
|
| 040 |
# |
# |
|a MYNLM
|
| 090 |
0 |
0 |
|a B 658.4012
|b KOT
|
| 100 |
1 |
# |
|a Kotter, John P.
|e author
|
| 245 |
1 |
0 |
|a ACCELERATE :
|b BUILDING STRATEGIC AGILITY FOR A FASTER-MOVING WORLD
|c JOHN P. KOTTER.
|
| 246 |
1 |
# |
|a XLR8.
|
| 264 |
# |
1 |
|a Boston, Massachusetts:
|b HARVARD BUSINESS REVIEW PRESS,
|c 2014.
|
| 264 |
# |
4 |
|a ♭2014.
|
| 300 |
# |
# |
|a x, 206 pages:
|b illustrations;
|c 22 cm.
|
| 336 |
# |
# |
|a text
|2 rdacontent
|
| 337 |
# |
# |
|a unmediated
|2 rdamedia
|
| 338 |
# |
# |
|a volume
|2 rdacarrier
|
| 650 |
# |
0 |
|a Organizational change
|
| 650 |
# |
0 |
|a Strategic planning
|
| 650 |
# |
0 |
|a Management
|
| 999 |
|
|
|a B000035989
|b Book
|c Book
|e Business Information Centre
|